000 01463nam a2200301 a 4500
001 1901103
003 AM-YEHGA
005 20250618080120.0
008 230504s2023 ai |||||||||||||||1|arm|d
020 _a9785808015074
040 _aAM-YeHGA
041 1 _aarm
_hlit
245 0 0 _aԳրական Անիկշչյայ /
_cԱնիկշչյայի թավուտը / Ա. Բարանաուսկաս ; Երջանկության ջահը / Յ. Բիլյունաս ; Կովկասյան լեգենդներ / Ա. Վենուոլիս ; Կազմող և թարգմանիչ՝ Ֆ. Բախչինյան ; Առաջաբանի հեղինակներ՝ Ա. Բուչիս, Դ. Վենցլովայտե.
260 _aԵրևան,
_bԳիտություն,
_c2023.
300 _a247 էջ ;
_c21 սմ.
650 1 4 _aԼիտվական գրականություն
_xԺողովածուներ
700 1 _aԲարանաուսկաս, Անթանաս
700 1 _aԲիլյունաս, Յոնաս
700 1 _aՎենուոլիս, Անթանաս
700 1 _aԲախչինյան, Ֆելիքս Բարդուղիմեոսի,
_eկազմ.
_4com
_eթարգմ.
_4trl
_d1950-2024
_92725
700 1 _aԲուչիս, Ալգիմանտաս
_eառաջաբան
_4aui
700 1 _aՎենցլովայտե, Դ
_eառաջաբան
_4aui
740 0 2 _aԱնիկշչյայի թավուտ
740 0 2 _aԵրջանկության ջահը
740 0 2 _aԿովկասյան լեգենդներ
942 _2udc
_cBK
090 _c566087
999 _c527933
_d527933